000 00227nam a22000857a 4500
008 170120b xxu||||| |||| 00| 0 eng d
100 _92518
_aGupta.A.
245 _aWonderful World Environment-4
260 _aNew Delhi
_bBrittanica
_c2011
999 _c5600
_d5600